Online katalóg knižníc regiónu Turca

Ovocinárstvo / (Record no. 20266)

MARC details
000 -LEADER
fixed length control field 00897nam a22002651 4500
001 - CONTROL NUMBER
control field 20266
003 - CONTROL NUMBER IDENTIFIER
control field CZ PrNK
005 - DATE AND TIME OF LATEST TRANSACTION
control field 20260120125102.0
008 - FIXED-LENGTH DATA ELEMENTS--GENERAL INFORMATION
fixed length control field 030311s1973 xo slo
040 ## - CATALOGING SOURCE
Original cataloging agency ABA001
Language of cataloging cze
Transcribing agency ABA001
Modifying agency ABA001
041 1# - LANGUAGE CODE
Language code of text/sound track or separate title slo
Language code of original cze
100 1# - MAIN ENTRY--PERSONAL NAME
Personal name Peiker, Josef,
Dates associated with a name 1910-1985
Relationship aut
245 10 - TITLE STATEMENT
Title Ovocinárstvo /
Statement of responsibility, etc. Autori: Josef Peiker, František Kyncl ; Z čes. orig. Ovocnictví prel. R. Žilinský a O. Sedláková ; Il. Jiří Malý
250 ## - EDITION STATEMENT
Edition statement 2. dopln. a preprac. vyd.
260 ## - PUBLICATION, DISTRIBUTION, ETC.
Place of publication, distribution, etc. Bratislava :
Name of publisher, distributor, etc. Príroda,
Date of publication, distribution, etc. 1973
300 ## - PHYSICAL DESCRIPTION
Extent 528 s. ;
Dimensions
490 1# - SERIES STATEMENT
Series statement Rastlinná výroba. Organizátor poľnohospodárskej veľkovýroby
500 ## - GENERAL NOTE
General note Fot.
500 ## - GENERAL NOTE
General note Tb.
500 ## - GENERAL NOTE
General note Obr.
700 1# - ADDED ENTRY--PERSONAL NAME
Personal name Kyncl, František,
Dates associated with a name 1918-1997
Relationship aut
830 #0 - SERIES ADDED ENTRY--UNIFORM TITLE
Uniform title Rastlinná výroba.
Name of part/section of a work Organizátor poľnohospodárskej veľkovýroby
910 ## - USER-OPTION DATA (OCLC)
User-option data ABA001
942 ## - ADDED ENTRY ELEMENTS (KOHA)
Source of classification or shelving scheme Dewey Decimal Classification
Koha item type Odborná literatúra pre dospelých
Suppress in OPAC No
Holdings
Stav vyradenia Strata Poškodenie Spôsob nadobudnutia Domovská knižnica Aktuálna knižnica Dátum nadobudnutia Total checkouts Čiarový kód exemplára Date last seen Typ exemplára
      Dar Obecná knižnica Horná Štubňa Obecná knižnica Horná Štubňa 20.01.2026   4736200290 20.01.2026 Odborná literatúra pre dospelých
Projekt je podporený Slovenskou asociáciou knižníc
Prevádzkuje Turčianska knižnica Martin 2026